000 02199 a2200253 4500
003 OSt
005 20180116192327.0
008 120420t xxu||||| |||| 00| 0 eng d
020 _a0750667249 (paperback)
020 _a9780750667241 (paperback)
040 _c0
082 0 4 _a729.28
100 1 _aBoubekri, Mohamed.
_9937
245 1 0 _aDaylighting, architecture and health :
_bbuilding design strategies /
_cMohamed Boubekri.
260 _a[S.l.] :
_bArchitectural Press,
_c2008.
300 _a160 p. ;
_c25 cm.
500 _aIncludes index
520 _aDaylighting, Architecture and Health examines the relationship between natural light in buildings and human health, considering both psychological and physiological issues and bringing together a range of research in the field. As we are becoming increasingly conscious of global warming and pushing towards energy efficiency in buildings, the book examines the question of daylighting from the perspective of the health of building occupants. It gathers and reviews all the latest and pertinent medical and architectural research related to natural light, or lack thereof, and its effect on people. * Documents medical research findings which establish a link between light quality and health * Considers design strategies for increasing daylight in buildings * Develops understanding and awareness of the importance of natural light in buildings Daylighting, Architecture and Health: Building Design Strategies is a timely and essential text for professional architects and all others concerned with the effects of daylighting on health, architecture and building design. * Outlines appropriate design strategies for increasing daylight in buildings * Demonstrates a link between light quality and health and explains the importance of natural light in buildings * Brings together the latest medical and architectural research on this important topic.
650 _aDaylighting
_9938
650 _aLight
_xPhysiological effect
_9939
856 4 0 _3Amazon.com
_uhttp://www.amazon.com/exec/obidos/ASIN/0750667249/chopaconline-20
942 _aSADA
_cBK
_k729.28 BOU 2008
_2ddc
999 _c352221
_d352221